Korean Hangul Match Quiz Stats

 Plays Quiz not verified by Sporcle

Score 0/40 Timer 05:00
91 Plays Today
% Correct
m
85.4%
s
85.2%
a
84.6%
i
83.8%
- or ng
83.2%
r or l
83.2%
n
82.5%
ss
82.4%
b or p
82.2%
bb or pp
81.1%
g or k
80.9%
h
79.7%
d or t
79.1%
gg or kk
77.6%
dd or tt
77.6%
o
77.4%
j or ch
76.3%
u
75.1%
jj
74.9%
k
73.7%
% Correct
t
73.4%
ch
72.8%
p
72%
ya
69.9%
yo
67.9%
eu
67%
yu
66.7%
eo
64.7%
ae
62.7%
yeo
59.7%
yae
54.6%
e
54.4%
ui
51.8%
wa
51.3%
wae
49.4%
ye
47.4%
wi
44.9%
we
38.3%
wo
34.8%
oe
27.2%

You're not logged in!

Compare scores with friends on all Sporcle quizzes.
OR
Log In

Show Comments

Extras

Top Quizzes Today


Score Distribution

Your Account Isn't Verified!

In order to create a playlist on Sporcle, you need to verify the email address you used during registration. Go to your Sporcle Settings to finish the process.

Report this User

Report this user for behavior that violates our Community Guidelines.

Details: